Collins dictionary of human biology / (Record no. 354226)

000 -LEADER
fixed length control field 01247cam a22003497a 4500
001 - CONTROL NUMBER
control field 14658926
003 - CONTROL NUMBER IDENTIFIER
control field ASAB
005 - DATE AND TIME OF LATEST TRANSACTION
control field 20180118111110.0
008 - FIXED-LENGTH DATA ELEMENTS--GENERAL INFORMATION
fixed length control field 061207s2006 enk 000 0 eng
010 ## - LIBRARY OF CONGRESS CONTROL NUMBER
LC control number 2006497560
Canceled/invalid LC control number 2007367943
015 ## - NATIONAL BIBLIOGRAPHY NUMBER
National bibliography number GBA616253
Source bnb
016 7# - NATIONAL BIBLIOGRAPHIC AGENCY CONTROL NUMBER
Record control number 013385797
Source Uk
020 ## - INTERNATIONAL STANDARD BOOK NUMBER
International Standard Book Number 0007221347 (pbk.)
020 ## - INTERNATIONAL STANDARD BOOK NUMBER
International Standard Book Number 9780007221349
035 ## - SYSTEM CONTROL NUMBER
System control number (OCoLC)ocm63185739
035 ## - SYSTEM CONTROL NUMBER
System control number (OCoLC)63185739
040 ## - CATALOGING SOURCE
Transcribing agency ASAB
042 ## - AUTHENTICATION CODE
Authentication code lccopycat
050 00 - LIBRARY OF CONGRESS CALL NUMBER
Classification number QP34.5
Item number .Y686 2006
082 04 - DEWEY DECIMAL CLASSIFICATION NUMBER
Classification number 612.003
Edition number 22
100 1# - MAIN ENTRY--PERSONAL NAME
Personal name Youngson, R. M.
9 (RLIN) 8546
245 10 - TITLE STATEMENT
Title Collins dictionary of human biology /
Statement of responsibility, etc. Robert M. Youngson.
246 3# - VARYING FORM OF TITLE
Title proper/short title Dictionary of human biology
246 34 - VARYING FORM OF TITLE
Title proper/short title Collins internet-linked dictionary of human biology
260 ## - PUBLICATION, DISTRIBUTION, ETC.
Place of publication, distribution, etc. London :
Name of publisher, distributor, etc. Collins,
Date of publication, distribution, etc. 2006.
300 ## - PHYSICAL DESCRIPTION
Extent 522 p. :
Other physical details ill. ;
Dimensions 20 cm.
500 ## - GENERAL NOTE
General note Includes list of websites relating to human biology
650 #0 - SUBJECT ADDED ENTRY--TOPICAL TERM
Topical term or geographic name entry element Human biology
Form subdivision Dictionaries.
9 (RLIN) 8547
906 ## - LOCAL DATA ELEMENT F, LDF (RLIN)
a 7
b cbc
c copycat
d 2
e ncip
f 20
g y-gencatlg
942 ## - ADDED ENTRY ELEMENTS (KOHA)
Source of classification or shelving scheme
Koha item type Book
Holdings
Withdrawn status Lost status Source of classification or shelving scheme Damaged status Not for loan Collection code Permanent Location Current Location Date acquired Total Checkouts Full call number Barcode Date last seen Price effective from Koha item type
            Atta-ur-Rahman School of Applied Biosciences (ASAB) Atta-ur-Rahman School of Applied Biosciences (ASAB) 01/17/2018   612.003 YOU ASAB2242 01/17/2018 01/17/2018 Book
© 2023 Central Library, National University of Sciences and Technology. All Rights Reserved.